Представление документа в формате RUSMARC

ПолеНазваниеЗначение
  Тип записи a
  Библиографический уровень m
001 Контрольный номер RU/ЭБС IPRbooks/9789
005 Дата корректировки 20180118151536.8
010 Индекс ISBN __
a ISBN 978-5-93926-174-6
100 Данные общей обработки __
a Данные общей обработки 20100101d2010 |||y0rusy0250
101 Язык документа 0_
a Язык текста rus
102 Страна публикации __
a Страна публикации RU
200 Заглавие и сведения об ответственности 0_
a Заглавие Экономико-правовые аспекты стратегии модернизации России. Механизмы обеспечения конкурентоспособности и качественного экономического роста. Часть 1
b Общее обозначение материала Электронный ресурс
e Сведения, относящиеся к заглавию сборник научных трудов
f Первые сведения об ответственности В.А. Анциферов
f Первые сведения об ответственности Н.П. Артеменко
f Первые сведения об ответственности Д.А. Артеменко
f Первые сведения об ответственности А.Г. Адлейба
f Первые сведения об ответственности К.А. Юрченко
f Первые сведения об ответственности И.Г. Айба
f Первые сведения об ответственности Г.Н. Барсукова
g Последующие сведения об ответственности В.В. Сорокожердьев
g Последующие сведения об ответственности ред. О.В. Иншаков
g Последующие сведения об ответственности Г.Б. Клейнер
r Сборник статей
210 Выходные данные __
a Место издания Краснодар
c Издательство Южный институт менеджмента
d Дата издания 2010
215 Физическое описание __
a Объем 507 c.
300 Общие примечания __
a Общие примечания Книга находится в базовой версии ЭБС IPRbooks.
330 Аннотация __
a Аннотация В настоящем сборнике статей представлены материалы, подготовленные участниками Международной научно-практической конференции «Экономико-правовые аспекты стратегии модернизации России: механизмы обеспечения конкурентоспособности и качественного экономического роста», проведенной в г. Сочи 7 - 10 октября 2010 г. Предназначена для научных работников, специалистов в области экономики и права, студентов экономических и общественных специальностей, всех, кто интересуется проблемами экономики и экономической политики.
610 Ключевые слова 1_
a Ключевые слова модернизация
610 Ключевые слова 1_
a Ключевые слова конкурентоспособность
610 Ключевые слова 1_
a Ключевые слова экономический рост
610 Ключевые слова 1_
a Ключевые слова экономика
610 Ключевые слова 1_
a Ключевые слова экономическая политика
675 Индекс УДК __
a Индекс УДК 330
686 Индексы других классификаций __
a Классификационный индекс 65.9
2 Код системы rubbk
700 Автор _1
b Имя А.Г.
a Фамилия Адлейба
4 Код отношения 070
701 Альтернативная интеллектуальная ответственность _1
b Имя И.Г.
a Фамилия Айба
4 Код отношения 070
701 Альтернативная интеллектуальная ответственность _1
b Имя Г.Н.
a Фамилия Барсукова
4 Код отношения 070
701 Альтернативная интеллектуальная ответственность _1
b Имя К.А.
a Фамилия Юрченко
4 Код отношения 070
701 Альтернативная интеллектуальная ответственность _1
b Имя В.А.
a Фамилия Анциферов
4 Код отношения 070
701 Альтернативная интеллектуальная ответственность _1
b Имя Д.А.
a Фамилия Артеменко
4 Код отношения 070
701 Альтернативная интеллектуальная ответственность _1
b Имя Н.П.
a Фамилия Артеменко
4 Код отношения 070
856 Электронный адрес документа 4_
u Универсальный указатель ресурса (URL) http://www.iprbookshop.ru/9789.html
z Публикуемое примечание Перейти к просмотру издания